L'Orestiade /
Salvato in:
| Autore principale: | |
|---|---|
| Altri autori: | |
| Natura: | Libro |
| Lingua: | italiano |
| Pubblicazione: |
[Roma] : Torino :
L'Unità ; Einaudi,
1996
|
| Serie: | I libri dell'Unità. Scrittori tradotti da scrittori ;
10 |
| Tags: |
Nessun Tag, puoi essere il primo ad aggiungerne!!
|
MARC
| LEADER | 00000nam a22000007i 4500 | ||
|---|---|---|---|
| 001 | IT\ICCU\RAV\0272171 | ||
| 003 | ItRI | ||
| 005 | 20260115232228.0 | ||
| 008 | 960508s1996 it |||||| ||||| |||||c | ||
| 040 | |b ita |c importazione bologna sebina | ||
| 041 | 7 | |a ita |2 ISO-639-2 | |
| 082 | |a 882.01 |9 Poesia drammatica greca classica. Periodo antico fino al 500 ca. |2 20 | ||
| 082 | |a 882.01 |9 DRAMMA E POESIA DRAMMATICA IN GRECO CLASSICO, ORIGINI-499 |2 21 | ||
| 100 | 0 | |a Aeschylus |0 IT\ICCU\CFIV\003888 |4 aut | |
| 240 | 1 | 0 | |a Orésteia |3 IT\ICCU\NAP\0416431 |9 Aeschylus |
| 245 | 1 | 2 | |a L'Orestiade / |c Eschilo ; traduzione di Pier Paolo Pasolini. |
| 260 | |a [Roma] : |b L'Unità ; |a Torino : |b Einaudi, |c 1996 | ||
| 300 | |a 181 p. ; |c 17 cm | ||
| 500 | |a Edizione fuori commercio riservata ai lettori de L'Unità | ||
| 700 | 1 | |a Pasolini, Pier Paolo |0 IT\ICCU\CFIV\001068 |4 trl | |
| 790 | 0 | |a Eschilo |3 IT\ICCU\CFIV\003889 |z Aeschylus | |
| 790 | 0 | |a Aeschylos |3 IT\ICCU\CFIV\323263 |z Aeschylus | |
| 790 | 0 | |a Eschyle |3 IT\ICCU\NAPV\072322 |z Aeschylus | |
| 790 | 0 | |a Aischylos |3 IT\ICCU\SBNV\041354 |z Aeschylus | |
| 830 | 2 | |a I libri dell'Unità. Scrittori tradotti da scrittori ; |v 10 |0 IT\ICCU\RAV\0267979 | |
| 942 | |2 ddc |c BK |n 0 | ||
| 952 | |0 0 |1 0 |4 0 |6 DOC_882_000000000000000_ESC |7 0 |9 22441 |a BO |b BO |d 2026-01-15 |i 11541 |l 0 |o DOC 882 ESC |p BO11541 |r 2026-01-15 23:22:28 |w 2026-01-15 |x [Sebina 5] [1 v.] |y BK |z 1 v. | ||
| 999 | |c 19163 |d 19163 | ||